| 000 | 00561nam a22001817a 4500 | ||
|---|---|---|---|
| 005 | 20240508170954.0 | ||
| 010 | _aENG-140215 | ||
| 020 |
_c695.00 _a9788188643868 |
||
| 035 | _aEN-123747 | ||
| 037 | _bDBAD | ||
| 082 | _aS | ||
| 245 |
_aClassic Short Stories: _bThe Best from Indian Regions/ _cEdited by Sitesh Alok |
||
| 260 |
_aDelhi _bAkshaya Prakshan _c2023 |
||
| 270 |
_bDelhi _a208 M.G. House, 2 Community Centre, Wazirpur Industrial Area _e110052 |
||
| 300 |
_a429p. _c22cm(pbk) |
||
| 700 |
_aEdited by Sitesh Alok _964893 |
||
| 942 |
_2ddc _cEN _hS _mREG |
||
| 999 |
_c202274 _d202274 |
||